Statystyki dla Państwa, które dotykają Morza Adriatyckiego

Kliknij tutaj aby rozwiązać quiz!

Ogólne statystyki

  • Ten quiz został rozwiązany 124 razy
  • Średni wynik to 6 z 6

Statystyki odpowiedzi

Kraj% Poprawnych
Włochy
98%
Albania
97%
Chorwacja
97%
Czarnogóra
92%
Słowenia
91%
Bośnia i Hercegowina
90%

Rozkład punktacji

Percentyl według liczby udzielonych odpowiedzi

Procent ludzi z każdym wynikiem

Twoja historia wyników

Nie rozwiązałeś tego quizu